Biblioteca

Influencias de Qumran en la primitiva comunidad judio-cristiana de Jesrusalén (Registro nro. 70155)

Detalles MARC
000 -LÍDER
Campo fijo de descripción fija 01214nab a2200217 i 4500
001 - NÚMERO DE CONTROL
Campo de control 768714001
003 - IDENTIFICADOR DEL NÚMERO DE CONTROL
Campo de control CO-MdFUSB
005 - FECHA Y HORA DE LA ULTIMA TRANSACCIÓN
control field 20240612111506.0
008 - ELEMENTOS DE LONGITUD FIJA -- INFORMACIÓN GENERAL
Campo fijo de descripción fija -- Información general 240612t1960 sp ||||| |||| 00| 0 spa d
040 ## - FUENTE DE CATALOGACIÓN
Idioma de catalogación spa
Agencia que realiza la transcripción CO-MdFUSB
Agencia que realiza la modificación CO-MdFUSB
041 ## - CÓDIGO DE IDIOMA
Código de idioma para texto/pista de sonido o título separado spa
100 ## - ASIENTO PRINCIPAL--NOMBRE PERSONAL
Nombre personal Arnaldich, Luis,
Término relacionador autor
245 ## - TÍTULO
Título Influencias de Qumran en la primitiva comunidad judio-cristiana de Jesrusalén
Mención de responsabilidad / Luis Arnaldich
520 ## - NOTA DE RESUMEN, ETC.
Nota de sumario, etc. La importancia que han alcanzado los manuscritos de Qumran, puede medirse por Ia inmensa literatura que, en el espacio de unos años, ha aparecido en torno al tema, en todo el mundo y en todas las lenguas.<br/>Estos escritos revisten gran interés en el campo de Ia crítica textual viejo testamentaria, por haberse encontrado en Qumran textos completos o fragmentos de casi todos los libros del A. T., anteriores a Ia unificación de los masoretas.
630 00 - PUNTO DE ACCESO ADICIONAL DE MATERIA - TÍTULO UNIFORME
Título uniforme Rollos del Mar Muerto
650 #7 - ASIENTO SECUNDARIO DE MATERIA - TERMINO TEMÁTICO
Término temático o nombre geográfico como elemento de entrada Hermenéutica
9 (RLIN) 418
650 #7 - ASIENTO SECUNDARIO DE MATERIA - TERMINO TEMÁTICO
Término temático o nombre geográfico como elemento de entrada Teología dogmática
9 (RLIN) 6937
773 0# - ASIENTO DE ITEM FUENTE
Biblionumber 70126
Itemnumber 82750
Lugar, editorial y fecha de publicación Salamanca, España :
Otro identificador del ítem R2625
Título Salmanticensis
Número de control del registro (CO-MdFUSB)768714001
Parte(s) relacionada(s) / Volumen., número. (mes año), páginas Volumen 7, (fasciculo1, 1960 ) páginas: 3 - 66
Enumeración y primera página página: 3
942 ## - TIPO DE MATERIAL (KOHA)
Tipo de Item KOHA Artículos de Revista
945 ## - INFORMACIÓN LOCAL DEL REGISTRO
Catalogador Catherine Arias Álvarez - Practicante SENA

No hay ítems disponibles.

Biblioteca FUSBC | Teléfono: (57+4) 349 88 10 Ext. 141| WhatsApp (+57) 3005338115 
E-mail: biblioteca@unisbc.edu.co | Calle 76 87-14 Robledo Palenque, Medellín, Colombia

Con tecnología Koha